Central Library OPAC University of Rajshahi

Documentation on International Affairs 1939 - 1946 / (Record no. 42070)

MARC details
000 -LEADER
fixed length control field 00697nam a2200229 a 4500
001 - CONTROL NUMBER
control field 42070
003 - CONTROL NUMBER IDENTIFIER
rucl marc code BD-RjUL
005 - DATE AND TIME OF LATEST TRANSACTION
control field 20211209053505.0
008 - FIXED-LENGTH DATA ELEMENTS--GENERAL INFORMATION
fixed length control field 160609s1954 enk||||| |||| 00| 0 eng d
035 ## - SYSTEM CONTROL NUMBER
System control number (BD-RjUL)42188
040 ## - CATALOGING SOURCE
Original cataloging agency BD-RjUL
Language of cataloging eng
Transcribing agency BD-RjUL
041 ## - LANGUAGE CODE
Language code of text/sound track or separate title eng
082 ## - DEWEY DECIMAL CLASSIFICATION NUMBER
Edition number 23
Classification number 327
Author mark and year DOC 1954
245 01 - TITLE STATEMENT
Title Documentation on International Affairs 1939 - 1946 /
Statement of responsibility, etc. Selected and Edited by, Mararet Carlyle
260 ## - PUBLICATION, DISTRIBUTION, ETC. (IMPRINT)
Place of publication, distribution, etc. London :
Name of publisher, distributor, etc. Oxford University Press,
Date of publication, distribution, etc. 1954
300 ## - PHYSICAL DESCRIPTION
Pagination V ;
Size 22 cm.
500 ## - GENERAL NOTE
General note Index
505 ## - FORMATTED CONTENTS NOTE
Formatted contents note V - II, Hitlers Europe --
650 ## - SUBJECT ADDED ENTRY--TOPICAL TERM
Topical term or geographic name as entry element International Relations
9 (RLIN) 129354
700 ## - ADDED ENTRY--PERSONAL NAME
Personal name Carlule, Margaret : Selected and Edited by
942 ## - ADDED ENTRY ELEMENTS (KOHA)
Source of classification or shelving scheme Dewey Decimal Classification
Koha item type Books
Holdings
Lost status Source of classification or shelving scheme Damaged status Not for loan Collection code Permanent Location Current Location Shelving location Date acquired Source of acquisition Cost, normal purchase price Total Checkouts Full call number Date last seen Copy number Koha item type
  Dewey Decimal Classification     Non-fiction Central Library, University of Rajshahi Central Library, University of Rajshahi   01/04/1957 Simupkiss Marshall 1.00   327 DOC V-2 1954 09/06/2016 C-2 Books